000 00756nam a2200229Ii 4500
003 JO-AjNU
008 230605s9999||||xx |||||||||||||| ||und||
017 _a2012/8/3103
020 _a978-9957-567-02-6
040 _aJO-AjNU
_bara
_erda
_cJO-AjNU
041 _aara
050 1 4 _aPJ7585 2013
100 3 _aأبو عراق، سعادة عودة,
_eauthor
_950271
245 0 0 _aالأدب وأدب الطفل العربي: الأردن أنموذجا
250 _aط1
264 3 1 _aعمان: امواج للطباعة والنشر والتوزيع، 2013
300 _a483ص
336 _atext
_btxt
_2rdacontent
337 _aunmediated
_bn
_2rdamedia
338 _avolume
_bnc
_2rdacarrier
650 4 _aادب الاطفال -الاردن
_950272
999 _aA22134
_c25702
_d25702